Valves for power plant development and testing (Record no. 61244)

MARC details
000 -LEADER
fixed length control field 00614nam a2200157 a 4500
008 - FIXED-LENGTH DATA ELEMENTS--GENERAL INFORMATION
fixed length control field 120416s0000 ||||||||||||||||| || u
020 ## - INTERNATIONAL STANDARD BOOK NUMBER
International Standard Book Number 0852986874
050 ## - LIBRARY OF CONGRESS CALL NUMBER
Classification number TJ 164 Ins
100 ## - MAIN ENTRY--PERSONAL NAME
Personal name Whillock, R. G
245 10 - TITLE STATEMENT
Title Valves for power plant development and testing
246 ## - VARYING FORM OF TITLE
Title proper/short title sponsored by Steam Plant Committee of the Institution of Mechanical Engineers
260 ## - PUBLICATION, DISTRIBUTION, ETC.
Place of publication, distribution, etc. Suffolk
Name of publisher, distributor, etc. Mechanical Engineers
Date of publication, distribution, etc. 1989
300 ## - PHYSICAL DESCRIPTION
Extent vi, 168p. : ill.
350 ## - PRICE (NR) (BK AM CF MU VM SE) [OBSOLETE]
Price 0.00
995 ## - RECOMMENDATION 995 [LOCAL, UNIMARC FRANCE]
-- 0.00
-- CBU-MAIN LIBRARY (Kitwe)
-- 1
-- 43.00
-- AVAILABLE
-- Annex Low-Usage Collection
Holdings
Withdrawn status Lost status Source of classification or shelving scheme Damaged status Not for loan Home library Current library Shelving location Date acquired Total Checkouts Full call number Barcode Date last seen Price effective from Koha item type
          CBU-MAIN LIBRARY, KITWE. CBU-MAIN LIBRARY, KITWE.   11/30/2022   TJ 164 Ins 017855 11/30/2022 11/30/2022 MONOGRAPH